Which AHS Season? Quiz Stats

 Plays Quiz not verified by Sporcle

Score 0/10 Timer 03:00
0 Plays Today
Quote Season % Correct
i want to be a pretty girl!???
96.1%
crotchless panties for everyone!???
95.5%
all monsters are human.???
94.8%
you tried to fly away, so i had to clip your wings.???
94.7%
i needed you, and you got a dog!???
94.2%
so is that hairdo, but i figured that's your business.???
93%
my womb is cursed.???
92.2%
a movie full of fire, sex, and the death of christians. what fun.???
92%
you never even bothered to get out of the car.???
88.4%
kept my eyes shut tight, bout tight time!???
87.9%

You're not logged in!

Compare scores with friends on all Sporcle quizzes.
OR
Log In

Show Comments

Extras

Created Feb 6, 2014ReportNominate
Tags:Quote Quiz, ahs, America, horror, season, story

Top Quizzes Today


Score Distribution

Your Account Isn't Verified!

In order to create a playlist on Sporcle, you need to verify the email address you used during registration. Go to your Sporcle Settings to finish the process.

Report this User

Report this user for behavior that violates our Community Guidelines.

Details: